00693nam a2200229 a 4500001001300000003000900013005001700022008004100039020001200080082001600092100002900108245005400137260004800191300000900239500003500248505001000283650002100293902000800314942000700322952011700329999001700446nice12345678IN_TiNIC20260116013548.0050524s1911 lona grp 000 0 eng  ac260.700a297.4bARA2 aArabi, Ibn Al Muhyi`ddin aTarjuman Al-Ashwaqb Collection of Mystical Odes. aLondonbTheosophical Publishing Housec1911 a155p aincludes index and biblioraphy2 aIndex aSufism-Ibn Arabi bSRS cBK 001040708StackRoom-aHMIbHMId2007-08-01g260.70l0o297.4 ARA2p019367r2007-08-01v260.70w2005-05-24yBK c11482d11482